| 000 -LEADER |
| fixed length control field |
01079nam a22001097a 4500 |
| 008 - FIXED-LENGTH DATA ELEMENTS--GENERAL INFORMATION |
| fixed length control field |
181217b ||||| |||| 00| 0 eng d |
| 100 ## - MAIN ENTRY--AUTHOR'S NAME |
| Author's Name |
Strobel, Wolfgang |
| 245 ## - TITLE STATEMENT |
| Title |
Sowjetische regionale Postzensur in Deutschland 1945 bis 1950 : Handbuch und Katalog |
| 260 ## - PUBLICATION, DISTRIBUTION, ETC. (IMPRINT) |
| Place of publication, distribution, etc. |
Bonn, Germany |
| Name of publisher, distributor, etc. |
W. Stobel ; Hans-Joachim Walch |
| Date of publication, distribution, etc. |
1997 |
| 650 ## - TOPICAL TERM (Tag) |
| Topical term or geographic name |
Allied Occupation -- Germany | Russia -- Occupation of Germany | Russia -- Occupation of Germany -- East Berlin | Russia -- Occupation of Mecklenburg-Vorpommern | Russia -- Occupation of Saxony | Russia -- Occupation of Thuringia | Berlin | Germany, East (1945-1990) | Allied Occupation -- Mecklenburg-Vorpommern | Allied Occupation -- Thuringia | Allied Occupation -- Berlin | Censored Mail | 1945-1950 | Post World War II | Postal History | Postal Service | Post Office Sorting Codes | Postal Markings | Covers | Railway Mail | Catalogs and Price Lists | OPDs | Oberpostdirektion | Post Offices | Postal Districts | Post Office Seals and Labels | Registered Mail | Collecting | Guides and Handbooks | Bibliographies |
| 700 ## - SECONDARY AUTHOR, EDITOR OR ILLUSTRATOR |
| Personal Name |
Walch, Hans-Joachim |